000 00721nam a2200217 u 4500
001 000001803
005 20200929145716.0
008 090714s1997 dr a r 000 0 por d
020 _a8573590203
040 _aDO-SdBNP
082 _aB869
_bL796a
100 1 _aAzevedo, Carmen Lúcia de
_95858
245 1 0 _aMontero Lobato :
_bfuracão na Botocúndia /
_cCarmen Lúcia de Azevedo, Marcia Camargos, Vladimir Sacchetta.
260 _aSão Paulo :
_bSENAC,
_c1997.
300 _a392 p. :
_bil. ;
_c23 cm.
600 1 4 _aLOBATO, JOSÉ BENTO MONTEIRO,
_D1882-1948
_95859
650 4 _aAutores brasileños
_ySIGLO XX
_xBiografia
_95860
700 1 _aCamargos, Marcia
_95861
700 1 _aSacchetta, Vladimir
_95862
049 _aBNPD
999 _c1680
_d1680